| 000 | 00426nam a2200157Ia 4500 | ||
|---|---|---|---|
| 008 | 221030s9999 xx 000 0 und d | ||
| 020 | _a8122412548 | ||
| 041 | _aEnglish | ||
| 082 | _a105.23 | ||
| 100 | _aN. N. Deb | ||
| 245 | 0 |
_aTelecommunication Engineering - Digital & Radio Communication Vol. II _cby N. N. Deb |
|
| 260 |
_bNew Age International Pub. _aNew Delhi _c2008 |
||
| 300 | _a221 | ||
| 650 | _aECE | ||
| 942 | _cBK | ||
| 999 |
_c9343 _d9343 |
||